Nazionale Italiana: almeno 50 presenze - Statistics

Statistiche generali
  • Questo quiz è stato fatto 279 volte
  • Il punteggio medio è 31 su 55
Statistiche sulle risposte
Presenze Calciatore % Corretto
176 Gianluigi Buffon
100%
58 Francesco Totti
95%
117 Giorgio Chiellini
94%
121 Leonardo Bonucci
93%
126 Paolo Maldini
93%
91 Alessandro Del Piero
92%
136 Fabio Cannavaro
91%
116 Andrea Pirlo
89%
117 Daniele De Rossi
89%
74 Gianluigi Donnarumma
86%
60 Dino Baggio
81%
56 Roberto Baggio
81%
112 Dino Zoff
80%
78 Alessandro Nesta
77%
73 Andrea Barzagli
77%
57 Filippo Inzaghi
77%
57 Ciro Immobile
76%
73 Gennaro Gattuso
75%
98 Gianluca Zambrotta
75%
54 Lorenzo Insigne
73%
63 Nicolò Barella
70%
81 Franco Baresi
67%
55 Mauro Camoranesi
62%
55 Marco Verratti
61%
60 Gianni Rivera
59%
81 Giuseppe Bergomi
59%
59 Gianluca Vialli
58%
78 Gaetano Scirea
57%
51 Federico Chiesa
56%
53 Giuseppe Meazza
55%
55 Claudio Marchisio
54%
70 Sandro Mazzola
53%
61 Alessandro Altobelli
52%
57 Jorginho
52%
81 Marco Tardelli
51%
57 Alberto Gilardino
50%
59 Alessandro Costacurta
47%
58 Walter Zenga
46%
73 Antonio Cabrini
44%
94 Giacinto Facchetti
40%
64 Francesco Graziani
36%
71 Claudio Gentile
35%
63 Roberto Donadoni
30%
79 Demetrio Albertini
29%
66 Riccardo Montolivo
28%
73 Giancarlo Antognoni
27%
63 Franco Causio
25%
50 Fulvio Collovati
21%
66 Tarcisio Burgnich
19%
57 Christian Panucci
17%
54 Antonio Candreva
15%
54 Fernando De Napoli
8%
55 Romeo Benetti
7%
59 Umberto Caligaris
5%
52 Virginio Rosetta
4%
Nessun quiz corrispondente trovato
Distribuzione punteggi
Percentuale di utenti per punteggio
Percentile per numero di risposta
I tuoi punteggi nel tempo
Non hai fatto questo quiz